00546nam a2200181Ia 4500003000400000005001700004008004100021020001500062040002900077050002600106100004200132245007700174250001100251260002800262300002200290650002200312700003000334OSt20230907123445.0221021s9999||||xx |||||||||||||| ||und|| a0826477623 cChuka University Library aLB 2822.8 b.H37 2005 aHargreaves, David H and David Hopkins 4aThe empowered school:The management and practice of development planning a2nd ed aLondonbContinuumc2005 a148pbIllustrated aSchool management aDavid HopkingMarily Leask